The Invisible Jury / (Record no. 195367)

MARC details
000 -LEADER
fixed length control field 00558nam a22001937a 4500
005 - DATE AND TIME OF LATEST TRANSACTION
control field 20230323150630.0
010 ## - LCCN (DPL NO)
LC control number ENG-136473
020 ## - INTERNATIONAL STANDARD BOOK NUMBER
International Standard Book Number 9789391091248
Terms of availability 220.00
035 ## - SYSTEM CONTROL NUMBER
System control number EN-120005
037 ## - SOURCE OF ACQUISITION
Source of stock number/acquisition DBAD/PUB
082 ## - DEWEY DECIMAL CLASSIFICATION NUMBER
Classification number 881
245 ## - TITLE STATEMENT
Title The Invisible Jury /
Statement of responsibility, etc Edited By Manminder Singh Anand
250 ## - EDITION STATEMENT
Edition statement First
260 ## - PUBLICATION, DISTRIBUTION, ETC. (IMPRINT)
Name of publisher, distributor, etc The Poetry Society Of India
Place of publication, distribution, etc Gurugram
Date of publication, distribution, etc 2022
270 ## - ADDRESS
Address H-22/16, DLF Phase -1
City Haryana
Postal code 122002
300 ## - PHYSICAL DESCRIPTION
Extent v94p.
Dimensions 21cm(pbk)
700 ## - ADDED ENTRY--PERSONAL NAME
Personal name Anand, Manminder
Relator term Editor
942 ## - ADDED ENTRY ELEMENTS (KOHA)
Source of classification or shelving scheme Dewey Decimal Classification
Item type English Books
Classification part 881
Call number suffix INV
Holdings
Withdrawn status Lost status Not for loan Collection code Home library Current library Date acquired Source of acquisition Cost, normal purchase price Full call number Barcode Copy number Cost, replacement price Koha item type
      Non-fiction Shahdara Branch Shahdara Branch 23/03/2023 DBAD/PUB 220.00 881 INV EN-120005 1 220.00 English Books

© Delhi Public Library
Hit Counter
free hit counter